Κατάλογος Βιβλιοθηκών Mediterranean College

Clinician's guide to evidence-based practices : (Record no. 10014)

MARC details
000 -LEADER
fixed length control field 01662nam a22002417a 4500
003 - ΤΑΥΤΟΤΗΤΑ ΤΟΥ ΑΡΙΘΜΟΥ ΕΛΕΓΧΟΥ
Πεδίο ελέγχου GR-AtMCL
005 - ΗΜΕΡΟΜΗΝΙΑ ΚΑΙ ΩΡΑ ΤΕΛΕΥΤΑΙΑΣ ΕΝΗΜΕΡΩΣΗΣ
Πεδίο ελέγχου 20260107134641.0
006 - FIXED-LENGTH DATA ELEMENTS--ADDITIONAL MATERIAL CHARACTERISTICS
Πεδίο ελέγχου σταθερού μήκους a|||||r|||||||||||
008 - FIXED-LENGTH DATA ELEMENTS--GENERAL INFORMATION
Πεδίο ελέγχου σταθερού μήκους s2017 nyua b 001|0|eng|d
040 ## - ΠΗΓΗ ΚΑΤΑΛΟΓΟΓΡΑΦΗΣΗΣ
Φορέας πρωτότυπης καταλογογράφησης MC Athens Campus Library
Γλώσσα καταλογογράφησης Αγγλικά
Modifying agency MC Athens Campus Library
100 1# - MAIN ENTRY--PERSONAL NAME
Personal name Norcross, John C.
9 (RLIN) 3840
245 10 - ΤΙΤΛΟΣ ΚΑΙ ΔΗΛΩΣΗ ΥΠΕΥΘΥΝΟΤΗΤΑΣ
Τίτλος Clinician's guide to evidence-based practices :
Remainder of title behavioural health and addictions /
Statement of responsibility, etc. John C. Norcross, Thomas P. Hogan, Gerald P. Koocher, Lauren A. Maggio.
250 ## - EDITION STATEMENT
Edition statement 2nd ed.
264 #1 - PRODUCTION, PUBLICATION, DISTRIBUTION, MANUFACTURE, AND COPYRIGHT NOTICE
Place of production, publication, distribution, manufacture New York, NY :
Name of producer, publisher, distributor, manufacturer Oxford University Press,
Date of production, publication, distribution, manufacture, or copyright notice 2017
300 ## - PHYSICAL DESCRIPTION
Extent 314 pages :
Other physical details ill. ;
Διαστάσεις 24 cm
504 ## - ΣΗΜΕΙΩΣΗ ΒΙΒΛΙΟΓΡΑΦΙΑΣ κλπ.
Σημείωση βιβλιογραφίας, κλπ. Includes bibliographical references and index.
520 ## - SUMMARY, ETC.
Summary, etc. Everyone, it seems, is talking and arguing about Evidence-Based Practice (EBP). Those therapies and assessments designated as EBP increasingly determine what is taught, researched, and reimbursed in health care. But exactly what is it, and how do you do it?<br/><br/>The second edition of Clinician's Guide to Evidence-Based Practices is the concise, practitioner-friendly guide to applying EBPs in mental health. Step-by-step it explains how to conduct the entire EBP process-asking the right questions, accessing the best available research, appraising the research, translating that research into practice, integrating that research with clinician expertise and patient characteristics, evaluating the entire enterprise, attending to the ethical considerations, and when done, moving the EBP process forward by teaching and disseminating it.
650 #0 - SUBJECT ADDED ENTRY--TOPICAL TERM
Topical term or geographic name entry element Evidence-based psychiatry.
650 #0 - SUBJECT ADDED ENTRY--TOPICAL TERM
Topical term or geographic name entry element Mental illness
General subdivision Treatment.
650 #0 - SUBJECT ADDED ENTRY--TOPICAL TERM
Topical term or geographic name entry element Health & Sport
9 (RLIN) 10066
942 ## - ADDED ENTRY ELEMENTS (KOHA)
Koha item type Books
Holdings
Τύπος τεκμηρίου Βιβλιοθήκη Τρέχουσα τοποθεσία Barcode Αριθμός εισαγωγής Ημερομηνία απόκτησης Ταξιθετικό σύμβολο Αριθμός αντιτύπου Κατάσταση απόσυρσης Κατάσταση χαμένου Κατάσταση κατεστραμμένου Μη δανεισμός Σύνολο δανεισμών Ημερομηνία τελευταίας εμφάνισης Η τιμή ισχύει από
Books MC Athens Campus Library MC Athens Campus Library 9780000100214 8219 07/01/2026 616.89 NOR 1           07/01/2026 07/01/2026

MC Athens Campus Library
Πατησίων 94 & Κοδριγκτώνος 13, 104 34
Πελλήνης 8 & Πατησίων 107, 112 51
Τ: +30 210 8899600

MC Thessaloniki Campus Library
Ίωνος Δραγούμη 21, 54625 | Ίωνος Δραγούμη 15, 54625
Τ: +30 2310 287779 – Τ: +30 2314 440300